02950nam a2200361uu 4500001000800000005001700008008004100025020001800066020001800084035001200102040001300114041000800127082000800135100003400143245006100177260004100238300004700279505084300326520094601169650004002115650002602155650003202181650003302213650002902246650002302275700003202298700003402330700003102364700003202395700003002427700004402457856008702501157673420260508094603.0220923s2019 spa  a9786075268026 a9786075268224 a1576734 ccomduadb aspa 4a65810aAnderson, David Ray4auteaut10aFundamentos de métodos cuantitativos para los negocios aMéxico :bCengage Learning,c2019. axxiv, 824 páginas :bgráficos, tablas. aCONTENIDO : Prefacio. -- 1. Introducción. -- 2. Introducción a la probabilidad. -- 3. Distribuciones de probabilidad. -- 4. Análisis de decisiones. -- 5. Utilidad y teoría de juegos. -- 6. Análisis de series de tiempo y elaboración de pronósticos. -- 7. Introducción a la programación lineal. -- 8. Programación lineal: Análisis de sensibilidad e interpretación de la solución. -- 9. Aplicaciones de la programación lineal en marketing, finanzas y administración de operaciones. -- 10. Modelos de distribución y de red. -- 11. Programación lineal entera. -- 12. Aplicaciones de optimización avanzada. -- 13. Programación de proyectos: PERT/CPM. -- 14. Modelos de inventario. -- 15. Modelos de línea de espera. -- 16. Simulación. -- 17. Procesos de Markov. -- Apéndices. -- Índice analítico.3 aRESUMEN : El propósito de esta obra es proporcionar a estudiantes universitarios y de posgrado una comprensión conceptual del papel que juegan los métodos cuantitativos en el proceso de toma de decisiones aplicadas a los negocios. Para ello se describen los diversos métodos cuantitativos desarrollados a lo largo de los años, se explica su funcionamiento y cómo pueden utilizarlos quienes toman decisiones. El libro está orientado a las aplicaciones y utiliza un enfoque de escenarios de solución de problemas. Así, en cada capítulo se describe un problema junto con el procedimiento cuantitativo que se presenta. El desarrollo de la técnica o modelo cuantitativo incluye su uso en el problema para generar una solución o una recomendación. Este enfoque puede motivar a los estudiantes, ya que demuestra no sólo cómo funciona el procedimiento, sino también cómo contribuye al proceso de toma de decisiones. aToma de decisiones - Estadísticas 7aProbabilidades2embne 7aProgramación lineal2lemb 7aControl de inventarios2lemb aSimulación de sistemas aProcesos de Markov10aSweeney, Dennis J4auteaut10aWilliams, Thomas A.4auteaut10aCamm, Jeffrey D.4auteaut10aCochran, James J.4auteaut10aFry, Michael J.4auteaut10aAltamirano García, Víctor4trletrl4 uhttps://login.udea.lookproxy.com/login?url=https://www.ebooks7-24.com:443/?il=9264